Capitales d'Asie sur un itinéraire mystère - Statistiques

Statistiques générales
  • Ce quiz a été pris 1 013 fois
  • Le résultat moyen est 10 sur 16
Réponses sur la Carte
Les réponses sont colorées sur une échelle allant du rouge au vert en fonction du pourcentage des utilisateurs qui les ont devinées à leur premier essai. Vous pouvez retrouver ces pourcentages ci-dessous.
 
Statistiques - réponses
# Capitale % Correct
Départ Oulan-Bator
99%
2 Tokyo
97%
1 Pyongyang
96%
3 Bandar Seri Begawan
71%
4 Kuala Lumpur
70%
5 Sanaa
63%
6 Bagdad
61%
7 Ankara
60%
8 Noursoultan
59%
9 Islamabad
54%
10 Kaboul
53%
11 Erevan
52%
12 Abou Dabi
49%
13 New Delhi
48%
14 Naypyidaw
40%
Arrivée Thimphou
37%
Aucun quiz correspondant
Distribution des résultats
% des personnes avec chaque résultat
Percentile par nombre de réponses
Votre historique - résultats
Vous n’avez pas pris ce quiz